| 000 | 00797nam a2200265 4500 | ||
|---|---|---|---|
| 003 | OSt | ||
| 005 | 20260601171017.0 | ||
| 008 | 260508b2005\\\\|||ao|||\||||\00|\0\eng\d | ||
| 040 |
_aICI _bspa _cICI _erda |
||
| 050 |
_aNK1390 _bI27 |
||
| 100 | _eautor | ||
| 245 |
_aICSID Interdesign 2005 on sustainable rural transport: _bTechonology for the developing world |
||
| 264 |
_aSur Africa _bSABS _c2005 |
||
| 300 | _a41 páginas | ||
| 336 |
_2rdacontent _atexto |
||
| 337 |
_2rdamedia _asin medio |
||
| 338 |
_2rdacarrier _avolumen |
||
| 650 |
_2Diseño industrial _vCongresos |
||
| 650 | _aDiseño contemporáneo | ||
| 650 |
_aDiseño internacional _934189 |
||
| 650 | _aInnovaciones tecnológicas | ||
| 650 | _aDiseño de productos | ||
| 650 | _aExposiciones de diseño | ||
| 942 |
_2lcc _n1 _cB |
||
| 999 |
_c20756 _d20756 |
||